All Countries By Population Density With A Map - Statistics

General Stats
  • This quiz has been taken 11,222 times
    10,536 since last reset
  • The average score is 61 of 196
Answers on the Map
Answers color-coded by a green-red scale on the quiz's map according to % correct below.
 
Answer Stats
Population Density (Mile Squared) Country First Letter % Correct
47,000 Monaco M
98%
21,400 Singapore S
91%
4,100 Vatican City V
77%
4,900 Bahrain B
75%
3,020 Bangladesh B
70%
4,500 Maldives M
67%
4,400 Malta M
66%
1,130 India I
62%
840 Japan J
61%
1,100 Haiti H
60%
600 Qatar Q
59%
1,750 Taiwan T
59%
1,390 Rwanda R
58%
1,690 Barbados B
56%
1,400 San Marino S
55%
720 United Kingdom U
55%
420 Federated States Of Micronesia F/M
54%
1,700 Mauritius M
54%
1,600 Nauru N
54%
1,130 Netherlands N
54%
770 Vietnam V
54%
1,080 Israel I
53%
670 Jamaica J
53%
1,330 Lebanon L
51%
1,010 Philippines P
51%
990 Belgium B
50%
1,230 Burundi B
50%
1,340 South Korea S
50%
660 Luxembourg L
47%
5.7 Mongolia M
47%
600 Dominican Republic D
46%
1,100 Tuvalu T
46%
600 Germany G
45%
630 Kuwait K
45%
640 Liechtenstein L
45%
780 Pakistan P
45%
990 Comoros C
44%
520 Uganda U
44%
950 Grenada G
43%
510 Italy I
43%
780 El Salvador E
42%
330 Jordan J
42%
8.8 Australia A
41%
110 Democratic Republic Of The Congo D/C
41%
260 France F
41%
380 Indonesia I
41%
8.3 Namibia N
41%
47 Republic Of The Congo R/C
41%
9.3 Iceland I
40%
480 Kiribati K
40%
640 Nigeria N
40%
11 Canada C
39%
760 Saint Lucia S
39%
190 Yemen Y
39%
390 China C
38%
360 Denmark D
38%
19 Kazakhstan K
38%
39 Oman O
38%
22 Russia R
38%
770 Trinidad And Tobago T
38%
350 United Arab Emirates U
38%
70 Zambia Z
38%
110 Zimbabwe Z
38%
280 Hungary H
37%
920 Sri Lanka S
37%
550 Antigua And Barbuda A
36%
380 Kosovo K
36%
690 Saint Vincent And The Grenadines S
36%
440 Andorra A
34%
41 Finland F
34%
640 Gambia G
34%
240 Honduras H
34%
11 Libya L
33%
560 North Korea N
33%
91 United States U
33%
430 Guatemala G
32%
610 Seychelles S
32%
80 Venezuela V
32%
9.8 Guyana G
31%
600 Marshall Islands M
31%
12 Mauritania M
31%
540 Nepal N
31%
620 Sao Tome And Principe S
31%
550 Switzerland S
31%
270 Iraq I
30%
240 Kenya K
30%
310 Poland P
30%
290 Portugal P
30%
470 Saint Kitts And Nevis S
30%
9.8 Suriname S
30%
70 Vanuatu V
30%
41 Argentina A
29%
300 Ethiopia E
29%
360 Thailand T
29%
52 Uruguay U
29%
12 Botswana B
28%
290 Egypt E
28%
36 Norway N
28%
410 Togo T
28%
280 Austria A
27%
28 Bolivia B
27%
36 Chad C
27%
250 Dominica D
27%
370 Ghana G
27%
570 Malawi M
27%
200 Uzbekistan U
27%
210 Romania R
26%
370 Tonga T
26%
280 Turkey T
26%
34 Turkmenistan T
26%
160 Ukraine U
26%
49 Algeria A
25%
310 Azerbaijan A
25%
340 Czechia C
25%
130 Fiji F
25%
140 Iran I
25%
88 Kyrgyzstan K
25%
65 Brazil B
24%
190 Ireland I
24%
49 Mali M
24%
39 Paraguay P
24%
380 Cape Verde C
23%
24 Gabon G
23%
54 Niger N
23%
70 Peru P
23%
24 Central African Republic C
22%
260 Cuba C
22%
350 Cyprus C
22%
52 New Zealand N
22%
44 Saudi Arabia S
22%
250 Spain S
22%
62 Sweden S
22%
75 Estonia E
21%
57 Papua New Guinea P
21%
280 Slovakia S
21%
260 Albania A
20%
240 Armenia A
20%
130 Djibouti D
20%
80 Eritrea E
20%
230 Ivory Coast I
20%
73 Latvia L
20%
170 Mexico M
20%
310 Benin B
19%
67 Chile C
19%
240 East Timor E
19%
180 Ecuador E
19%
200 Greece G
19%
270 Malaysia M
19%
270 Slovenia S
19%
75 Angola A
18%
83 Laos L
18%
110 Lithuania L
18%
44 South Sudan S
18%
70 Sudan S
18%
200 Afghanistan A
17%
260 Costa Rica C
17%
260 Moldova M
17%
240 Cambodia C
16%
120 Colombia C
16%
220 Morocco M
16%
210 Myanmar M
16%
210 Serbia S
16%
320 Sierra Leone S
16%
320 Syria S
16%
180 Eswatini E
15%
150 Guinea G
15%
160 Guinea-Bissau G
15%
150 Panama P
15%
190 Tajikistan T
15%
47 Belize B
14%
54 Bhutan B
14%
200 Brunei B
14%
180 Croatia C
14%
200 Lesotho L
14%
110 Mozambique M
14%
210 North Macedonia N
14%
100 Palau P
14%
230 Senegal S
14%
180 Tanzania T
14%
200 Tunisia T
14%
120 Belarus B
13%
220 Burkina Faso B
13%
160 Equatorial Guinea E
13%
130 Liberia L
13%
130 Madagascar M
13%
140 Nicaragua N
13%
73 Somalia S
13%
130 South Africa S
13%
78 Bahamas B
12%
160 Bulgaria B
12%
160 Cameroon C
12%
140 Georgia G
12%
160 Bosnia And Herzegovina B
11%
200 Samoa S
11%
67 Solomon Islands S
10%
120 Montenegro M
9%
No matching quizzes found
Score Distribution
Percent of People with Each Score
Percentile by Number Answered
Your Score History
You have not taken this quiz since the last reset